000 00478nam a2200181Ia 4500
008 090122s9999 xx 000 0 und d
082 _b685
_a340
100 _aकापसे
_bराम
245 _aलेंटीन आयोग
260 _bगौरी
_c1988
300 _a76
501 _a--
600 _aकापसे
630 _aलेंटीन आयोग
700 _aकापसे
730 _aलेंटीन आयोग
942 _cBOOK
999 _c24763
_d24763